<?xml version="1.0" encoding="UTF-8"?>
<collection xmlns="http://www.loc.gov/MARC21/slim">
 <record>
  <leader>01559nam a2200229Ia 4500</leader>
  <controlfield tag="001">CTU_136383</controlfield>
  <controlfield tag="008">210402s9999    xx            000 0 und d</controlfield>
  <datafield tag="082" ind1=" " ind2=" ">
   <subfield code="a">338.9</subfield>
  </datafield>
  <datafield tag="082" ind1=" " ind2=" ">
   <subfield code="b">V666</subfield>
  </datafield>
  <datafield tag="110" ind1=" " ind2=" ">
   <subfield code="a">Việt Nam</subfield>
  </datafield>
  <datafield tag="110" ind1=" " ind2=" ">
   <subfield code="b">Ban nghiên cứu của Thủ tướng Chính phủ (PMRC)</subfield>
  </datafield>
  <datafield tag="245" ind1=" " ind2="0">
   <subfield code="a">Đánh giá dự báo tác động của luật doanh nghiệp thống nhất &amp; luật đầu tư chung :</subfield>
  </datafield>
  <datafield tag="245" ind1=" " ind2="0">
   <subfield code="b">Tác động của việc thay thế hệ thống cấp phép bằng hệ thống đăng ký đối với các doanh nghiệp có vốn đầu tư nước ngoài</subfield>
  </datafield>
  <datafield tag="245" ind1=" " ind2="0">
   <subfield code="c">Ban nghiên cứu của Thủ tướng Chính phủ (PMRC)</subfield>
  </datafield>
  <datafield tag="260" ind1=" " ind2=" ">
   <subfield code="a">Hà Nội</subfield>
  </datafield>
  <datafield tag="260" ind1=" " ind2=" ">
   <subfield code="b">[Hà Nội]</subfield>
  </datafield>
  <datafield tag="260" ind1=" " ind2=" ">
   <subfield code="c">2005</subfield>
  </datafield>
  <datafield tag="520" ind1=" " ind2=" ">
   <subfield code="a">Báo cáo được thực hiện theo chương trìn hợp tác giữa ban Nghiên cứu của Thủ tướng , GTZ và UNDP và các cơ quan khác của Việt Nam nhằm giới thiệu quá trình Đánh giá Dự báo Tác động Pháp lý (RIA), một công việc mới ở Việt Nam, và cá thông lệ quốc tế ưu việt khác tại Việt Nam nhằm nâng cao chất lượng các văn bản pháp luật về kinh tế và kinh doanh.</subfield>
  </datafield>
  <datafield tag="650" ind1=" " ind2=" ">
   <subfield code="a">Chính sách nền kinh tế,Economic policy</subfield>
  </datafield>
  <datafield tag="650" ind1=" " ind2=" ">
   <subfield code="z">Việt Nam,Vietnam</subfield>
  </datafield>
  <datafield tag="904" ind1=" " ind2=" ">
   <subfield code="i">Trọng Hiếu</subfield>
  </datafield>
  <datafield tag="980" ind1=" " ind2=" ">
   <subfield code="a">Trung tâm Học liệu Trường Đại học Cần Thơ</subfield>
  </datafield>
 </record>
</collection>
